[Event "Titled Tuesday intern op 25th Jan"]
[Site "Chess.com INT"]
[Date "2022.01.25"]
[Round "2"]
[White "Adelman, Charles D"]
[Black "Borisova, Ekaterina"]
[Result "1/2-1/2"]
[WhiteElo "2268"]
[BlackElo "2250"]
[PlyCount "205"]
[EventDate "2022.01.25"]
[EventType "swiss (blitz)"]
[EventRounds "11"]
[EventCountry "USA"]
[SourceTitle "CBM 206 Extra"]
[Source "ChessBase"]
[SourceDate "2022.03.31"]
[SourceVersion "1"]
[SourceVersionDate "2022.03.31"]
[SourceQuality "1"]

1. Nf3 Nf6 2. c4 g6 3. Nc3 Bg7 4. g3 0-0 5. Bg2 d5 6. cxd5 Nxd5 7. 0-0 Nb6 8. d3 Nc6 9. Be3 e5 10. Qd2 Be6 11. Rac1 Nd4 12. b3 c6 13. Ne4 Nxf3+ 14. Bxf3 Bd5 15. Bg2 Qe7 16. Bc5 Qc7 17. Bd6 Qd7 18. Bxf8 Rxf8 19. Nc5 Qc7 20. Bxd5 Nxd5 21. b4 a6 22. a4 Qe7 23. Rb1 h5 24. h4 Kh7 25. Ne4 Bh6 26. Qe1 f5 27. Ng5+ Bxg5 28. hxg5 Qxg5 29. b5 axb5 30. axb5 c5 31. b6 h4 32. Kg2 f4 33. Rh1 fxg3 34. fxg3 Ne3+ 35. Kg1 Rf1+ 36. Qxf1 Nxf1 37. Rxh4+ Kg7 38. Kxf1 Qxg3 39. Rc4 Qh2 40. Rbc1 g5 41. Rxc5 g4 42. Rc7+ Kf6 43. Ke1 g3 44. Kd2 g2 45. Rxb7 g1Q 46. Rxg1 Qxg1 47. Rb8 Qb1 48. Ke3 Qc1+ 49. Kf2 Qc5+ 50. Kf1 Kg7 51. b7 Qc7 52. Re8 Qxb7 53. Rxe5 Kf6 54. Re4 Kf5 55. Kf2 Qh7 56. Ke1 Qh1+ 57. Kd2 Qb1 58. Ke3 Qc1+ 59. Kf2 Qd1 60. Re3 Qh1 61. Rf3+ Ke5 62. Re3+ Kd5 63. Re4 Qd1 64. Re3 Kd4 65. Re4+ Kc3 66. Re3 Kd2 67. Re4 Qe1+ 68. Kf3 Qf1+ 69. Kg4 Qf6 70. Kg3 Ke1 71. Kg4 Qg6+ 72. Kf3 Kf1 73. Ke3 Qg5+ 74. Kd4 Ke1 75. Kc4 Kd2 76. Kd4 Qb5 77. Re5 Qb6+ 78. Kd5 Kc3 79. Re4 Qb5+ 80. Ke6 Qc6+ 81. Kf5 Qd5+ 82. Kf4 Kd2 83. Kf3 Qf5+ 84. Kg3 Qf1 85. Kg4 Qg2+ 86. Kf4 Qf2+ 87. Ke5 Qf7 88. Kd4 Qd7+ 89. Kc4 Qc6+ 90. Kd4 Qc3+ 91. Kd5 Qa5+ 92. Ke6 Qc5 93. Kf6 Qd5 94. Re5 Qd6+ 95. Kf5 Ke1 96. Re4 Kf2 97. Kg4 Qg3+ 98. Kf5 Qd6 99. Kg4 Kg2 100. Kf5 Kg3 101. Kg5 Qd5+ 102. Kf6 Qd6+ 103. Kf5 1/2-1/2

[Event "Titled Tuesday intern op 25th Jan"]
[Site "Chess.com INT"]
[Date "2022.01.25"]
[Round "1"]
[White "Bodnaruk, Anastasia"]
[Black "Adelman, Charles D"]
[Result "1-0"]
[WhiteElo "2392"]
[BlackElo "2268"]
[PlyCount "77"]
[EventDate "2022.01.25"]
[EventType "swiss (blitz)"]
[EventRounds "11"]
[EventCountry "USA"]
[SourceTitle "CBM 206 Extra"]
[Source "ChessBase"]
[SourceDate "2022.03.31"]
[SourceVersion "1"]
[SourceVersionDate "2022.03.31"]
[SourceQuality "1"]

1. e4 e5 2. Nf3 d6 3. d4 Nf6 4. Nc3 Nbd7 5. Bc4 Be7 6. 0-0 0-0 7. Re1 c6 8. a4 a5 9. b3 Qc7 10. Bb2 h6 11. d5 Re8 12. Nh4 Nc5 13. Nf5 Bxf5 14. exf5 Bf8 15. Qf3 Rad8 16. Rad1 Nxd5 17. Nxd5 cxd5 18. Bxd5 Be7 19. Qh5 Bf6 20. Re3 Kf8 21. Rg3 Na6 22. c4 Nb4 23. Bc1 Nxd5 24. Rxd5 Ke7 25. Qf3 Qb6 26. Rb5 Qd4 27. Rxb7+ Rd7 28. Rxd7+ Kxd7 29. h4 Rb8 30. Qe3 Qd1+ 31. Kh2 Qh5 32. Qa7+ Kc8 33. Rd3 Qxh4+ 34. Kg1 Be7 35. c5 e4 36. Rc3 d5 37. c6 Rb4 38. Qd7+ Kb8 39. c7+ 1-0

[Event "Titled Tuesday intern op 21st Dec"]
[Site "Chess.com INT"]
[Date "2021.12.21"]
[Round "3"]
[White "Adelman, Charles D"]
[Black "Sailer, Mike L"]
[Result "0-1"]
[WhiteElo "2268"]
[BlackElo "2109"]
[PlyCount "56"]
[EventDate "2021.12.21"]
[EventType "swiss (blitz)"]
[EventRounds "11"]
[EventCountry "USA"]
[SourceTitle "CBM 205 Extra"]
[Source "ChessBase"]
[SourceDate "2022.01.31"]
[SourceVersion "1"]
[SourceVersionDate "2022.01.31"]
[SourceQuality "1"]

1. Nf3 d5 2. c4 c6 3. b3 Nf6 4. g3 Bf5 5. Bg2 e6 6. 0-0 Be7 7. d3 0-0 8. Bb2 h6 9. Nbd2 Bh7 10. Rc1 Nbd7 11. Rc2 a5 12. a3 b5 13. cxb5 cxb5 14. Nd4 Qb6 15. Nc6 Bd6 16. Bd4 Qb7 17. Qa1 Rfe8 18. Rfc1 e5 19. Bb2 b4 20. a4 Qb6 21. Nf3 d4 22. Nd2 Ra6 23. Nc4 Qc7 24. N6xa5 Rxa5 25. Nxa5 Qxa5 26. Rc6 Bf8 27. R1c2 e4 28. dxe4 Nxe4 0-1

[Event "Titled Tuesday intern op 03rd Aug"]
[Site "Chess.com INT"]
[Date "2021.08.03"]
[Round "6"]
[White "Adelman, Charles D"]
[Black "Heinemann, Josefine"]
[Result "1-0"]
[WhiteElo "2268"]
[BlackElo "2296"]
[PlyCount "85"]
[EventDate "2021.08.03"]
[EventType "swiss (blitz)"]
[EventRounds "11"]
[EventCountry "USA"]
[SourceTitle "CBM 203 Extra"]
[Source "ChessBase"]
[SourceDate "2021.09.30"]
[SourceVersion "1"]
[SourceVersionDate "2021.09.30"]
[SourceQuality "1"]

1. Nf3 Nf6 2. c4 g6 3. Nc3 c5 4. g3 Bg7 5. Bg2 0-0 6. 0-0 Nc6 7. d4 cxd4 8. Nxd4 Qa5 9. Nc2 d6 10. e4 Be6 11. Ne3 Rac8 12. Ncd5 Rfe8 13. Bd2 Qd8 14. Bc3 Nd7 15. Bxg7 Kxg7 16. Qd2 a5 17. f4 Bxd5 18. Nxd5 Nb6 19. Bh3 Ra8 20. Rac1 Nxd5 21. cxd5 Qb6+ 22. Qf2 Qxf2+ 23. Rxf2 Nb4 24. Rc7 Rab8 25. a3 Na6 26. Rc3 a4 27. Rfc2 Nc5 28. e5 b6 29. Kf2 Red8 30. Bg2 h5 31. h4 Rbc8 32. Ke3 Rb8 33. Rc4 Rd7 34. Bf3 Rbd8 35. Rb4 Rb8 36. Rc3 Rdd8 37. Rd4 f6 38. exf6+ Kxf6 39. Bd1 e5 40. dxe6 Nxe6 41. Rxa4 b5 42. Ra6 Nc5 43. Rxc5 1-0

[Event "Titled Tuesday intern op 03rd Aug"]
[Site "Chess.com INT"]
[Date "2021.08.03"]
[Round "5"]
[White "Bharath, Subramaniyam H"]
[Black "Adelman, Charles D"]
[Result "1-0"]
[WhiteElo "2435"]
[BlackElo "2268"]
[PlyCount "93"]
[EventDate "2021.08.03"]
[EventType "swiss (blitz)"]
[EventRounds "11"]
[EventCountry "USA"]
[SourceTitle "CBM 203 Extra"]
[Source "ChessBase"]
[SourceDate "2021.09.30"]
[SourceVersion "1"]
[SourceVersionDate "2021.09.30"]
[SourceQuality "1"]

1. b3 d5 2. Bb2 Bf5 3. Nf3 e6 4. g3 Nd7 5. Bg2 Ngf6 6. c4 h6 7. d3 c6 8. 0-0 Be7 9. Nbd2 0-0 10. Qc2 Bh7 11. Rad1 a5 12. a3 Nc5 13. Rfe1 Qb6 14. Qc3 Rfd8 15. Ne5 Bf8 16. d4 Nce4 17. Nxe4 Nxe4 18. Qc1 dxc4 19. bxc4 Nf6 20. e4 Nd7 21. c5 Qc7 22. Nc4 b5 23. cxb6 Nxb6 24. Rd2 Nxc4 25. Qxc4 Rab8 26. Rc1 Rb6 27. d5 Qb8 28. Bd4 cxd5 29. exd5 exd5 30. Bxd5 Rb1 31. Bxf7+ Kh8 32. Bh5 Rxc1+ 33. Qxc1 Qb3 34. Bxg7+ Kxg7 35. Rxd8 Qxa3 36. Rd7+ Kh8 37. Qxa3 Bxa3 38. Ra7 Bb4 39. Kg2 Bc2 40. Be8 Kg8 41. Bc6 Kf8 42. f4 h5 43. h3 Bc3 44. g4 hxg4 45. hxg4 Kg8 46. f5 Kh8 47. Kh3 1-0